Common mistakes in English : A guide to better English in clear, simple language
| Main Author: | |
|---|---|
| Format: | Book |
| Published: |
Petaling Jaya, Selangor :
Pelanduk Pub. ,
1991
|
| Subjects: |
MARC
| LEADER | 00000cam a2200000 7i4500 | ||
|---|---|---|---|
| 001 | 0000000749 | ||
| 005 | 20000928.0 | ||
| 020 | 0 | 0 | |a 9679783669 |
| 090 | 0 | 0 | |a 428.2 |b HAJ 1991 |
| 100 | 0 | 0 | |a HAJA Mohideen |
| 245 | 0 | 0 | |a Common mistakes in English : |b A guide to better English in clear, simple language |c Haja Mohideen |
| 260 | 0 | 0 | |a Petaling Jaya, Selangor : |b Pelanduk Pub. , |c 1991 |
| 300 | |a v, 149 p. ; |c 18 cm. | ||
| 650 | 0 | 0 | |a English language |x Grammar |x Study and teaching |
| 999 | |a 0000000154 |b Monograph |c Open Shelf |e Default branch | ||